000 00249nam a22000977a 4500
999 _c16259
_d16259
003 OSt
008 200626b ||||| |||| 00| 0 eng d
100 _aKewal Krishan Dewett
_94655
245 _aIndian economics: a development-oriented study
942 _cBK